| 000 | 00679nam a2200241 a 4500 | ||
|---|---|---|---|
| 999 |
_c5147 _d5147 |
||
| 001 | 5147 | ||
| 003 | BD-JhCC | ||
| 005 | 20171209174857.0 | ||
| 008 | 171209s19851994a |||| || | 001 0 eng d | ||
| 035 | _a(BD-JhCC)5147 | ||
| 040 |
_aBD-JhCC _dBD-JhCC |
||
| 041 | _aeng | ||
| 082 |
_a425 _bMUR 1994 |
||
| 100 | _aMurphy, Raymond | ||
| 245 |
_aEnglish Grammar in use : _bA Self -Study reference and practice book for intermediate students / _cRaymond Murphy, |
||
| 250 | _a2nd ed. | ||
| 260 |
_aMelbourne : _bCambridge university Press, _c1994. |
||
| 300 |
_a350 p. : _c25 cm. |
||
| 504 | _aIncludes Index | ||
| 650 | _aEnglish Grammar | ||
| 942 |
_2ddc _cBK |
||